| 000 | 00829njm a22002057a 4500 | ||
|---|---|---|---|
| 005 | 20160415144657.0 | ||
| 008 | 160415b xxu||||| |||| 00| 0 spa d | ||
| 041 | _aeng | ||
| 100 |
_aConstela Umaña, Adolfo _98046 |
||
| 100 |
_aCastro, Eustaquio _98047 |
||
| 245 | _aCantos Guatusos de entretenimiento: treinta y un cantos de erotismo, de trabajo y de cuna= Poréterá Marámo | ||
| 260 |
_aCosta Rica _bUCR _c2014 |
||
| 505 | _aEste disco compacto viene acompañado del libro Cantos Guatusos de entretenimiento: treinta y un cantos de erotismo, de trabajo y de cuna= Poréterá Marámo. 972.860.1/C758c | ||
| 650 |
_aGUATUSOS _97632 |
||
| 650 |
_aTRADICIÓN ORAL - GUATUSOS _98048 |
||
| 650 |
_aINDÍGENAS COSTARRICENSES _98049 |
||
| 650 |
_aMÚSICA FOLCLÓRICA _97705 |
||
| 650 |
_aCANCIONES ABORÍGENES _98050 |
||
| 942 | _cMU | ||
| 999 |
_c7966 _d7966 |
||